000 00913nam a22002417a 4500
001 33792
003 UA-OsUOA
005 20210907122639.0
007 ta
008 20050913b un ||||| |||| 00| 0 ukr d
020 _a9667176029
040 _aUA-OsUOA
_bukr
_cUA-OsUOA
_dUA-OsUOA
041 _aukr
080 _a347.9(477)
090 _a347.9(477)
_bС-89
245 _aСуд в Україні: боротьба з курупцією, організованою злочиністю і захист прав людини
_bаналітичні розробки, пропозиції наукових та практичних працівників
260 _aК.
_bНауково-дослідницький інститут "Проблеми людини"
_c1999
300 _a693 с.
505 _gТ. 12
650 7 _2UDC
_a34 Право. Юриспруденція
942 _cBK
_2udc
955 _a1
999 _c320240
_d320240